• 首页
  • 本馆介绍
  • 公告通知
  • 最新文献
  • 馆藏检索
  • 电子资源
  • 读者导购
  • 参考咨询
  • 我的图书馆
  • 登录
  • 详细信息显示
  • 放入我的书架
  • 预约/预借图书
  • 作者相关作品
  • 分类相关作品
  • 丛书相关作品
  • 出版社相关作品

书目信息

  • 表格格式
  • 工作单格式
  • 卡片格式
题名:
统计业务知识
    
 
作者: ;全国统计专业技术资格考试用书编委会 编
分册:  
出版信息: 北京   中国统计出版社  2012
页数: 342页
开本: 26cm
丛书名:
单 册:
中图分类: C8
科图分类:
主题词: 统计学--考核--自学参考资料
电子资源:
ISBN: 978-7-5037-5930-7
000 00985nam0 2200253 450
001 005986003
005 20150728164501.0
010    @a978-7-5037-5930-7@dCNY44.00
100    @a20120820d2012 em y0chiy50 ea
101 0  @achi
102    @aCN@b110000
105    @ay z 000yy
106    @ar
200 1  @a统计业务知识@Atong ji ye wu zhi shi@f全国统计专业技术资格考试用书编写委员会编
205    @a2版@b修订版
210    @a北京@c中国统计出版社@d2012
215    @a342页@d26cm
300    @a全国统计专业技术资格考试用书(初中级)
330    @a本书分为统计法规、统计实务和统计方法三部分,介绍了统计法基础知识,基本统计法律规范,统计法的基本原则,统计管理体制,统计机构与统计人员等内容。
606 0  @a统计学@x考核@j自学参考资料
690    @aC8@v5
711 02 @a全国统计专业技术资格考试用书编委会@Aquan guo tong ji zhuan ye ji shu zi ge kao shi yong shu bian wei hui@4编
801  0 @aCN@b碧洲教育@c20150728
905    @a10447@b208701715@b208701742@b208701733@b208701724@f4@dC8@e116=2
    
    统计业务知识/全国统计专业技术资格考试用书编写委员会编 .-2版,修订版.-北京:中国统计出版社,2012
    342页;26cm
    全国统计专业技术资格考试用书(初中级)
    
    ISBN 978-7-5037-5930-7:CNY44.00
    本书分为统计法规、统计实务和统计方法三部分,介绍了统计法基础知识,基本统计法律规范,统计法的基本原则,统计管理体制,统计机构与统计人员等内容。
●
相关链接 在E读中查询图书 在五车中查询图书 在当当中查询图书 在豆瓣中查询图书


正题名:统计业务知识     索取号:C8/116=2         预约/预借

序号 登录号 条形码 馆藏地/架位号 状态 备注
1 0870171   208701715   第一借阅区/ [索取号:C8/116=2] 在馆    
2 0870172   208701724   第一借阅区/ [索取号:C8/116=2] 在馆    
3 0870173   208701733   第一借阅区/ [索取号:C8/116=2] 在馆    
4 0870174   208701742   第一借阅区/ [索取号:C8/116=2] 在馆    
5 860528   208605286   第一样本阅览室/ [索取号:C8/116=2] 在馆    
6 860529   208605295   第一借阅区/ [索取号:C8/116=2] 在馆    
7 860530   208605302   第一借阅区/ [索取号:C8/116=2] 在馆    
8 860531   208605311   第一借阅区/ [索取号:C8/116=2] 在馆    
9 860532   208605320   第一借阅区/ [索取号:C8/116=2] 在馆    
唐山师范学院图书馆 欢迎您!
大连网信软件有限公司© 版权所有